000
00318 a2200133 4500
001
155437
040
_c
Escola São Tomás de Aquino
100
_a
PIZAIA, Cassiana
240
1
0
_a
Máquinas do tempo
_l
por
245
1
0
_a
Máquinas do tempo
440
1
_a
Editora do Brasil
697
_a
*LITERATURA INFANTO
942
_c
BK
999
_c
155437
_d
155437